000 00756nam a2200241Ia 4500
001 8606
003 GE_BSU
008 181216s||||||||xx |||||||||||||| ||und||
040 _cGE_BSU
080 _a821.353.1-1
100 _aთედორაძე, დავით
245 _aორღანი უკრავს
245 _bლექსები
245 _cრედ.: ზ. ფირცხალაიშვილი; მხატვ.: ზ. ხაბაძე
260 _aბათუმი
260 _bსაბჭ. აჭარა
260 _c1980
300 _a106 გვ; 16 სმ.
300 _b1 ფ. პორტრ.
653 _aლექსები
653 _aორღანი უკრავს
942 _cBK
999 _c41922
_d41922